000 00276 a2200121 4500
001 12551
082 _a629.836TAO
090 _c9571
_d9571
100 _aTao,G
245 _aAdaptive control design and analysis
260 _aNJ
_bArtech House
_c2003
300 _axx, 618 p.
942 _aNUST-CAE
_k629.836TAO
999 _c247624
_d247624